| 000 | 00734cam a22002291 4500 | ||
|---|---|---|---|
| 001 | e 32000496 | ||
| 003 | DLC | ||
| 005 | 20260227111222.0 | ||
| 008 | 880120s1929 dcu b 000 0 eng c | ||
| 010 | _ae 32000496 | ||
| 035 | _a(OCoLC)17364225 | ||
| 040 |
_aLibrary, U.S. Office of Education _cMi _dDLC |
||
| 042 | _apremarc | ||
| 050 | 0 | 0 |
_aLB2825 _b.H4 |
| 100 | 1 | _aHealy, Mary Tenney. | |
| 245 | 1 | 4 |
_aThe problems of state aid to education, _cby Mary Tenney Healy. |
| 260 |
_aWashington, D.C., _bCommittee on Education, National League of Women Voters, _c1929. |
||
| 300 |
_a23 p. _c23 cm. |
||
| 504 | _aBibliography: p. 23. | ||
| 650 | 0 |
_aEducation _zUnited States _xFinance. |
|
| 650 | 0 |
_aEducation and state _zUnited States. |
|
| 999 |
_c21243 _d21243 |
||